000
00277nam a2200109Ia 4500
008
230907s9999||||xx |||||||||||||| ||und||
082
_a
512.5
_b
STR
245
0
_a
Linear algebra and its applications /
260
_a
Cengage,
_b
New Delhi :
_c
2018
300
_a
487 p.
942
_c
BK
999
_c
600562
_d
600562